| 000 | 00610nam a2200277Ia 4500 | ||
|---|---|---|---|
| 005 | 20260401122430.0 | ||
| 008 | 008 250103s9999 xx 000 0 eng d | ||
| 020 | _a9781604245349 | ||
| 037 | _aTB | ||
| 040 | _aEDL | ||
| 040 | _beng | ||
| 040 | _cEDL | ||
| 041 | _2eng | ||
| 041 | _aeng | ||
| 084 | _a928.2 COL | ||
| 084 | _qEDL | ||
| 100 |
_aColeridge, Samuel Taylor _91233599 |
||
| 245 | 0 | _aBiographia Literaria | |
| 245 | 0 | _cColeridge, Samuel Taylor | |
| 260 | _aUSA | ||
| 300 | _a370p | ||
| 942 | _cTB | ||
| 942 | _h928.2 COL | ||
| 999 |
_c1847230 _d1847230 |
||